| 000 | 00875nam0a22002651 4500 | ||
|---|---|---|---|
| 001 | rc\3484727 | ||
| 005 | 20130115140738.3 | ||
| 035 | _a(NLR Aleph) 007603893 | ||
| 090 |
_a5744066 _c5744066 |
||
| 100 | _a20130115d1972 |||y0rusy50 ca | ||
| 101 | 0 | _arus | |
| 102 | _aRU | ||
| 105 | _ay z ||||| | ||
| 200 | 1 |
_aПроверка и оценка физической подготовки _eЛекция _fВоен-воздуш. акад. им. Ю.А. Гагарина |
|
| 210 |
_aМонино _cБ. и. _d1972 |
||
| 215 |
_a42 л. _d29 |
||
| 300 | _aПеред загл. авт.: майор В.А. Новинкин | ||
| 320 | _aБиблиогр.: с. 41 | ||
| 333 | _aДля внутривед. продажи | ||
| 700 | 1 |
_aНовинкин _bВ. А. |
|
| 801 | 0 |
_aRU _bNLR _gpsbo |
|
| 801 | 1 |
_aRU _bELAR _2rusmarc |
|
| 852 |
_aNLR _j72-50к/5108 |
||
| 942 | _cBOOK | ||
| 980 | _aNB | ||